The Norton anthology of American literature

Providing authoritative texts, introductions and informative notes for students, the 4th edition of this anthology includes many more complete works such as "Billy Budd", "Ethan Frome" and "Daisy Miller", as well as a varied selection of drama

Guardat en:
Dades bibliogràfiques
Format: Llibre
Idioma:Undetermined
Publicat: New York W. W. Norton 1994
Matèries:
Etiquetes: Afegir etiqueta
Sense etiquetes, Sigues el primer a etiquetar aquest registre!
Thư viện lưu trữ: Trung tâm Học liệu Trường Đại học Cần Thơ
LEADER 00724nam a2200181Ia 4500
001 CTU_59071
008 210402s9999 xx 000 0 und d
082 |a 810.8 
082 |b N882/Vol.1 
245 4 |a The Norton anthology of American literature 
245 0 |c Nina Baym ... [et al.] 
260 |a New York 
260 |b W. W. Norton 
260 |c 1994 
520 |a Providing authoritative texts, introductions and informative notes for students, the 4th edition of this anthology includes many more complete works such as "Billy Budd", "Ethan Frome" and "Daisy Miller", as well as a varied selection of drama 
650 |a American literature 
904 |i Minh 
980 |a Trung tâm Học liệu Trường Đại học Cần Thơ